<?xml version="1.0" encoding="UTF-8"?>
<record
    xmlns:xsi="http://www.w3.org/2001/XMLSchema-instance"
    xsi:schemaLocation="http://www.loc.gov/MARC21/slim http://www.loc.gov/standards/marcxml/schema/MARC21slim.xsd"
    xmlns="http://www.loc.gov/MARC21/slim">

  <leader>01170nam a22001817a 4500</leader>
  <controlfield tag="003">OSt</controlfield>
  <controlfield tag="005">20120303100212.0</controlfield>
  <controlfield tag="008">110129t        xxu||||| |||| 00| 0 eng d</controlfield>
  <datafield tag="040" ind1=" " ind2=" ">
    <subfield code="c">VPM, Thane </subfield>
  </datafield>
  <datafield tag="100" ind1=" " ind2=" ">
    <subfield code="a">&#x92C;&#x947;&#x921;&#x947;&#x915;&#x930;, &#x935;&#x93F;&#x91C;&#x92F; &#x935;&#x93E;.</subfield>
    <subfield code="9">369</subfield>
  </datafield>
  <datafield tag="245" ind1=" " ind2=" ">
    <subfield code="a">&#x967;&#x96B;&#x96A; &#x926;&#x93F;&#x936;&#x93E; : &#x91C;&#x941;&#x928; &#x968;&#x966;&#x967;&#x966;</subfield>
  </datafield>
  <datafield tag="260" ind1=" " ind2=" ">
    <subfield code="a">&#x920;&#x93E;&#x923;&#x947; </subfield>
    <subfield code="b">&#x935;&#x93F;&#x926;&#x94D;&#x92F;&#x93E; &#x92A;&#x94D;&#x930;&#x938;&#x93E;&#x930;&#x915; &#x92E;&#x902;&#x921;&#x933; </subfield>
    <subfield code="c">&#x968;&#x966;&#x967;&#x966;</subfield>
  </datafield>
  <datafield tag="300" ind1=" " ind2=" ">
    <subfield code="a">&#x96A;&#x966;</subfield>
  </datafield>
  <datafield tag="520" ind1=" " ind2=" ">
    <subfield code="a">&#x92C;&#x947;&#x921;&#x947;&#x915;&#x930;, &#x935;&#x93F;&#x91C;&#x92F; &#x935;&#x93E;.; &#x928;&#x935;&#x930;&#x947;, &#x91C;&#x93E;&#x928;&#x94D;&#x939;&#x935;&#x940;; &#x930;&#x93E;&#x91C;&#x947;&#x92C;&#x939;&#x93E;&#x926;&#x941;&#x930;, &#x92A;&#x94D;&#x930;&#x91C;&#x94D;&#x91E;&#x93E;; &#x916;&#x930;&#x947;, &#x938;&#x941;&#x928;&#x93F;&#x924;&#x93E;; &#x915;&#x930;&#x94D;&#x923;&#x93F;&#x915;, &#x92A;&#x94D;&#x930;&#x926;&#x93F;&#x92A;; &#x92D;&#x93F;&#x921;&#x947;, &#x906;&#x936;&#x93E;; &#x92E;&#x920;, &#x936;&#x902;. &#x92C;&#x93E;.; &#x938;&#x93E;&#x928;&#x947;, &#x92F;&#x936;&#x935;&#x902;&#x924;</subfield>
  </datafield>
  <datafield tag="600" ind1=" " ind2=" ">
    <subfield code="a">&#x92C;&#x947;&#x921;&#x947;&#x915;&#x930;, &#x935;&#x93F;&#x91C;&#x92F; &#x935;&#x93E;.; &#x928;&#x935;&#x930;&#x947;, &#x91C;&#x93E;&#x928;&#x94D;&#x939;&#x935;&#x940;; &#x930;&#x93E;&#x91C;&#x947;&#x92C;&#x939;&#x93E;&#x926;&#x941;&#x930;, &#x92A;&#x94D;&#x930;&#x91C;&#x94D;&#x91E;&#x93E;; &#x916;&#x930;&#x947;, &#x938;&#x941;&#x928;&#x93F;&#x924;&#x93E;; &#x915;&#x930;&#x94D;&#x923;&#x93F;&#x915;, &#x92A;&#x94D;&#x930;&#x926;&#x93F;&#x92A;; &#x92D;&#x93F;&#x921;&#x947;, &#x906;&#x936;&#x93E;; &#x92E;&#x920;, &#x936;&#x902;. &#x92C;&#x93E;.; &#x938;&#x93E;&#x928;&#x947;, &#x92F;&#x936;&#x935;&#x902;&#x924;</subfield>
    <subfield code="9">370</subfield>
  </datafield>
  <datafield tag="856" ind1=" " ind2=" ">
    <subfield code="u">http://dspace.vpmthane.org:8080/jspui/bitstream/123456789/824/1/154dishaJune2010.pdf</subfield>
  </datafield>
  <datafield tag="942" ind1=" " ind2=" ">
    <subfield code="2">ddc</subfield>
    <subfield code="c">EJOURNAL</subfield>
  </datafield>
  <datafield tag="999" ind1=" " ind2=" ">
    <subfield code="c">827703</subfield>
    <subfield code="d">827700</subfield>
  </datafield>
  <datafield tag="952" ind1=" " ind2=" ">
    <subfield code="0">0</subfield>
    <subfield code="1">0</subfield>
    <subfield code="2">ddc</subfield>
    <subfield code="4">0</subfield>
    <subfield code="7">0</subfield>
    <subfield code="a">VPMDIGI</subfield>
    <subfield code="b">VPMDIGI</subfield>
    <subfield code="d">2011-01-29</subfield>
    <subfield code="l">0</subfield>
    <subfield code="p">VPMDIGI-JN154</subfield>
    <subfield code="r">2011-01-29 00:00:00</subfield>
    <subfield code="u">http://dspace.vpmthane.org:8080/jspui/bitstream/123456789/824/1/154dishaJune2010.pdf</subfield>
    <subfield code="w">2011-01-29</subfield>
    <subfield code="y">EJOURNAL</subfield>
  </datafield>
</record>
